Química Básica: química orgânica
Gorde:
| Egile nagusia: | |
|---|---|
| Formatua: | Liburua |
| Hizkuntza: | portugesa |
| Argitaratua: |
Sao Paulo
Scipione
1989
|
| Saila: | Volume 3
|
| Gaiak: | |
| Etiketak: |
Etiketa erantsi
Etiketarik gabe, Izan zaitez lehena erregistro honi etiketa jartzen!
|
MARC
| LEADER | 00000nam a2200000 a 4500 | ||
|---|---|---|---|
| 001 | UCH6157 | ||
| 003 | CL-VaPUC | ||
| 008 | 091109e19890000BL |||||||||||||||||por|d | ||
| 020 | |a 8526215116 | ||
| 082 | 0 | 4 | |a 547 |b GAL |2 21 |
| 100 | |a Gallo Netto, Carmo |e author |9 543018 | ||
| 245 | 1 | 0 | |a Química Básica: química orgânica |
| 300 | |a 312 p | ||
| 942 | |c BK | ||
| 945 | |d 20091109 00:00:00 |a ccalabra | ||
| 260 | |a Sao Paulo |b Scipione |c 1989 | ||
| 650 | 0 | |a Educación |9 258661 | |
| 650 | 0 | |a Ciencia |9 255691 | |
| 650 | 0 | |a Química |9 259896 | |
| 650 | 0 | |a Moléculas |9 259584 | |
| 650 | 7 | |a COMPUESTOS ORGANICOS |2 CL-VaPUC |9 306788 | |
| 650 | 0 | |a Compuestos inorgánicos |9 347477 | |
| 650 | 0 | |a Química analítica |9 259648 | |
| 650 | 7 | |a MACROMOLECULAS |2 CL-VaPUC |9 313728 | |
| 650 | 7 | |a COMPUESTOS AROMATICOS |2 CL-VaPUC |9 264044 | |
| 583 | |a last modification |c 20091109 00:00:00 |k Rodrigo Vera | ||
| 490 | 0 | |a Volume 3 | |
| 999 | |c 337108 |d 337106 | ||